000 00385nam a2200169Ia 4500
001 10050
005 20260306161803.0
008 260306t9999||||xx |||||||||||||| ||spa||
041 _aESP
082 _a869.57
_bN94
100 _aNuñez López, Consuelo Elena
_eAUT
245 0 _aEl puerto de santa
300 _a
_c
650 _aGEN
654 _aCHU
942 _cLIB
_dJUS
_fJUS
_2ddc
_n
999 _c10050
_d10050